[Event "Let's Play Chess!"]
[Site "http://www.queenalice.com/game.php?id=655275"]
[Date "2009.9.20"]
[Round "-"]
[White "hulge"]
[Black "danielaken"]
[Result "1/2-1/2"]
[WhiteElo "1159"]
[BlackElo "1116"]

1. f4 g6 2. Nf3 Nf6 3. e3 d5 4. b3 Bg7 5. Bb2 O-O 6. Be2 Bg4 7. O-O Nc6 8. h3
Bf5 9. Nc3 Nb4 10. Nd4 Bd7 11. a3 1/2-1/2

[Event "Let's Play Chess!"]
[Site "http://www.queenalice.com/game.php?id=655276"]
[Date "2009.9.20"]
[Round "-"]
[White "danielaken"]
[Black "spawnwolfwolverine"]
[Result "0-1"]
[WhiteElo "1139"]
[BlackElo "1717"]

1. f4 d5 2. Nf3 e6 3. e3 b6 4. d4 Bb7 5. Bb5+ c6 6. Bd3 Nf6 7. O-O Bd6 8. Ne5
Bxe5 9. fxe5 Ne4 10. Qf3 f5 11. Bxe4 dxe4 0-1

[Event "Let's Play Chess!"]
[Site "http://www.queenalice.com/game.php?id=655277"]
[Date "2009.9.20"]
[Round "-"]
[White "Davidziak95"]
[Black "danielaken"]
[Result "1-0"]
[WhiteElo "1717"]
[BlackElo "1141"]

1. e4 g6 2. d4 Bg7 3. Nc3 d6 4. Nf3 Nd7 5. Be3 e5 6. d5 b6 7. Bd3 Bb7 8. O-O
Ngf6 9. Qd2 O-O 10. Rfe1 Rb8 11. b4 Ba8 12. a4 a5 13. bxa5 bxa5 14. Nb5 Ng4 15.
Qxa5 Nxe3 16. Rxe3 Rb6 17. Nd2 f5 18. Nc4 Rb7 19. f3 Nc5 20. Qd2 Bh6 21. Na5 Rb6
22. Nc4 fxe4 23. Nxb6 cxb6 24. Bc4 exf3 25. Qf2 Bxe3 26. Qxe3 Rf4 27. Ba2 Qg5
28. g3 Ne4 29. Nd4 Nxg3 30. Nxf3 Ne2+ 31. Kh1 Qf5 32. Qxe2 Rxf3 33. Bb3 Rf2 34.
Qd3 Qf4 35. Qh3 Qe4+ 36. Kg1 Qf5 37. Qxf5 Rxf5 38. a5 e4 39. axb6 Bb7 40. Re1
Bxd5 41. Bxd5+ Rxd5 42. Rb1 1-0

[Event "Let's Play Chess!"]
[Site "http://www.queenalice.com/game.php?id=655364"]
[Date "2009.9.20"]
[Round "-"]
[White "igorjava"]
[Black "danielaken"]
[Result "1-0"]
[WhiteElo "1970"]
[BlackElo "1158"]

1. e4 g6 2. f4 Bg7 3. d4 e6 4. Nf3 Ne7 5. Bc4 O-O 6. O-O d5 7. exd5 Nxd5 8. Nc3
b6 9. a3 Ba6 10. Bxa6 Nxa6 11. Ne2 c5 12. c4 1-0

[Event "Let's Play Chess!"]
[Site "http://www.queenalice.com/game.php?id=655365"]
[Date "2009.9.20"]
[Round "-"]
[White "danielaken"]
[Black "igorjava"]
[Result "0-1"]
[WhiteElo "1160"]
[BlackElo "1965"]

1. f4 d5 2. Nf3 Bg4 3. e3 Nf6 4. Be2 e6 5. O-O c5 6. Ne5 Bxe2 7. Qxe2 a6 8. d4
c4 9. Nc3 Nc6 10. Bd2 b5 11. Nxc6 Qc7 0-1

[Event "AUTO-OPEN-1697"]
[Site "http://www.queenalice.com/game.php?id=655426"]
[Date "2009.9.20"]
[Round "1"]
[White "danielaken"]
[Black "josa23"]
[Result "0-1"]
[WhiteElo "1192"]
[BlackElo "1527"]

1. f4 d5 2. Nf3 Bf5 3. e3 Nc6 4. Bb5 Nf6 5. Nd4 Bd7 6. O-O Nxd4 7. Bxd7+ Qxd7 8.
exd4 e6 9. c3 c5 10. dxc5 Bxc5+ 11. d4 Bb6 12. Be3 O-O 13. Nd2 h6 14. Qf3 Qb5
15. b4 Rac8 16. a4 Qd3 17. a5 Bc7 18. Rac1 Ne4 19. Nxe4 dxe4 20. Rfd1 exf3 21.
Rxd3 fxg2 22. Kxg2 f6 23. c4 b6 24. axb6 axb6 25. d5 exd5 0-1

[Event "AUTO-OPEN-1697"]
[Site "http://www.queenalice.com/game.php?id=655427"]
[Date "2009.9.20"]
[Round "1"]
[White "josa23"]
[Black "danielaken"]
[Result "1-0"]
[WhiteElo "1135"]
[BlackElo "1138"]

1. e4 g6 2. Nf3 Bg7 3. Bc4 e6 4. d4 Ne7 5. Nc3 d5 6. exd5 Nxd5 7. O-O Nxc3 8.
bxc3 O-O 9. Bg5 f6 10. Be3 f5 11. d5 exd5 12. Bxd5+ Kh8 13. Ng5 Qe7 14. Re1 Bxc3
15. Bd4+ Bxd4 16. Rxe7 1-0

[Event "AUTO-OPEN-1697"]
[Site "http://www.queenalice.com/game.php?id=655428"]
[Date "2009.9.20"]
[Round "1"]
[White "danielaken"]
[Black "Zacharias_Matuzalem"]
[Result "0-1"]
[WhiteElo "1187"]
[BlackElo "1889"]

1. f4 d5 2. Nf3 c5 3. e3 Nf6 4. Bb5+ Bd7 5. Bxd7+ Nbxd7 6. O-O Qc7 7. b3 e5 8.
Nxe5 Nxe5 9. fxe5 Qxe5 10. d4 Qc7 11. dxc5 Bxc5 12. Re1 O-O 13. Bb2 Qc6 14. Na3
Qb6 15. Bd4 Ne4 16. Bxc5 Qxc5 17. Nb1 Qc6 18. Nd2 Nc3 19. Qf3 Rac8 20. e4 dxe4
21. Nxe4 Nd5 22. Rad1 Nb4 0-1

[Event "AUTO-OPEN-1697"]
[Site "http://www.queenalice.com/game.php?id=655429"]
[Date "2009.9.20"]
[Round "1"]
[White "Zacharias_Matuzalem"]
[Black "danielaken"]
[Result "1-0"]
[WhiteElo "1887"]
[BlackElo "1189"]

1. e4 g6 2. d4 Bg7 3. c4 e6 4. Nc3 Ne7 5. Nf3 b6 6. Bd3 Bb7 7. O-O d5 8. e5 O-O
9. Bg5 Nd7 10. Qd2 Bh8 11. b3 Qe8 12. Qf4 Nf5 13. Bxf5 exf5 14. Bh6 dxc4 15.
Bxf8 Nxf8 16. bxc4 Rd8 17. Rfe1 Bxf3 18. Qxf3 Ne6 19. d5 Nd4 20. Qf4 Nc2 21.
Rad1 1-0

[Event "AUTO-OPEN-1697"]
[Site "http://www.queenalice.com/game.php?id=655430"]
[Date "2009.9.20"]
[Round "1"]
[White "danielaken"]
[Black "forth_generation"]
[Result "0-1"]
[WhiteElo "1134"]
[BlackElo "2051"]

1. f4 d5 2. Nf3 Bg4 3. e3 Nd7 4. Be2 e6 5. O-O Bd6 6. b3 Ngf6 7. Bb2 O-O 8. Bxf6
Nxf6 9. Nc3 Bb4 10. d4 Bxc3 11. Rb1 Ne4 12. Ne5 Bxe2 13. Qxe2 Nd2 14. Qd3 Nxb1
15. Rxb1 Ba5 16. c4 c6 17. cxd5 cxd5 0-1

[Event "AUTO-OPEN-1697"]
[Site "http://www.queenalice.com/game.php?id=655431"]
[Date "2009.9.20"]
[Round "1"]
[White "forth_generation"]
[Black "danielaken"]
[Result "1-0"]
[WhiteElo "2270"]
[BlackElo "1194"]

1. e4 g6 2. d4 Bg7 3. Nc3 e6 4. Nf3 Ne7 5. Be2 O-O 6. O-O d5 7. Qd3 b6 8. Bf4
Bb7 9. exd5 Nxd5 10. Nxd5 Bxd5 11. Qe3 Nc6 12. c4 Bxf3 13. Bxf3 Bxd4 14. Qd3
Bxf2+ 15. Rxf2 Qxd3 16. Bxc6 Rad8 17. b3 Rd4 18. Raf1 Rxf4 19. Rxf4 Qd6 20. Ba4
a6 21. R4f2 f5 22. Rb1 Qd3 23. Rbb2 b5 24. cxb5 axb5 25. Rbd2 Qb1+ 26. Rf1 Qe4
27. Bxb5 Qb4 28. Re2 Qxb5 29. Rxe6 Qa5 30. Re2 1-0

[Event "welschren"]
[Site "http://www.queenalice.com/game.php?id=655513"]
[Date "2009.9.20"]
[Round "-"]
[White "welschren"]
[Black "danielaken"]
[Result "1-0"]
[WhiteElo "1553"]
[BlackElo "1144"]

1. e4 g6 2. Nf3 Bg7 3. d4 d6 4. Nc3 Nd7 5. Bd3 e5 6. Be3 Ne7 7. d5 c6 8. dxc6
Nxc6 9. Qd2 O-O 10. O-O Ne7 11. Nd5 Nxd5 12. c4 Nxe3 13. Qxe3 Nc5 14. Rfd1 f5
15. Qg5 Qxg5 16. Nxg5 h6 17. b4 Nxd3 18. Ne6 Bxe6 19. Rxd3 1-0

[Event "Let's Play Chess!"]
[Site "http://www.queenalice.com/game.php?id=666773"]
[Date "2009.10.13"]
[Round "-"]
[White "danielaken"]
[Black "basti822"]
[Result "1-0"]
[WhiteElo "1130"]
[BlackElo "1727"]

1. e4 g6 2. d4 d6 3. Nc3 Bg7 4. Nf3 Bg4 5. Be3 e6 6. h3 Bxf3 7. Qxf3 Ne7 8.
O-O-O c5 9. dxc5 Bxc3 10. Bb5+ Nbc6 11. cxd6 Ng8 12. d7+ Ke7 13. Bc5# 1-0

[Event "checkmate2"]
[Site "http://www.queenalice.com/game.php?id=666793"]
[Date "2009.10.13"]
[Round "-"]
[White "SKberlin"]
[Black "danielaken"]
[Result "1-0"]
[WhiteElo "2157"]
[BlackElo "1136"]

1. e4 g6 2. d4 Bg7 3. Bg5 c5 4. Nf3 cxd4 5. Nxd4 Qa5+ 6. Bd2 Qe5 7. Nb5 Qxe4+ 8.
Be3 Bxb2 9. Nd2 Qc6 10. Rb1 Bg7 11. Nxa7 Nf6 12. Nxc6 bxc6 13. Nc4 1-0

[Event "Let's Play Chess!"]
[Site "http://www.queenalice.com/game.php?id=666794"]
[Date "2009.10.13"]
[Round "-"]
[White "spin"]
[Black "danielaken"]
[Result "1-0"]
[WhiteElo "1679"]
[BlackElo "1200"]

1. g3 g6 2. Bg2 d5 3. d4 Nf6 4. Bg5 Bg7 5. Nf3 O-O 6. O-O Bg4 7. Nc3 Nc6 8. Ne5
Nxe5 9. dxe5 Nh5 10. Nxd5 Re8 11. Nxe7+ Kh8 12. Nxg6+ 1-0

[Event "AUTO-BEG-347"]
[Site "http://www.queenalice.com/game.php?id=668502"]
[Date "2009.10.17"]
[Round "1"]
[White "danielaken"]
[Black "hulge"]
[Result "0-1"]
[WhiteElo "1160"]
[BlackElo "1313"]

1. e4 g6 2. d4 Bg7 3. c4 e6 4. Nc3 Ne7 5. f4 d5 6. cxd5 exd5 7. e5 Be6 8. Bb5+
Nbc6 9. Nf3 O-O 10. Be3 a6 11. Ba4 b5 12. Bb3 Na5 13. Bc2 Nc4 14. Qc1 Nxe3 15.
Qxe3 Nf5 16. Bxf5 Bxf5 17. O-O b4 18. Nh4 bxc3 19. Nxf5 gxf5 20. bxc3 Rb8 21.
Rab1 Rxb1 22. Rxb1 Re8 23. Rb7 f6 24. Ra7 fxe5 25. fxe5 c5 26. dxc5 Bxe5 27.
Rxa6 d4 28. Qd3 dxc3 29. Qxd8 Rxd8 30. c6 c2 31. c7 Rc8 32. Rc6 Rxc7 33. Rxc7
Bxc7 34. h3 c1=Q+ 35. Kf2 Qd2+ 36. Kg1 Qe1# 0-1

[Event "AUTO-BEG-347"]
[Site "http://www.queenalice.com/game.php?id=668503"]
[Date "2009.10.17"]
[Round "1"]
[White "hulge"]
[Black "danielaken"]
[Result "0-1"]
[WhiteElo "1323"]
[BlackElo "1150"]

1. f4 d5 2. Nf3 Nc6 3. e3 Bg4 4. Be2 e6 5. h3 Bf5 6. g4 Be4 7. d3 Bxf3 8. Bxf3
Bd6 9. Nc3 d4 10. exd4 Nxd4 11. Bxb7 Rb8 12. Be3 Rxb7 13. Bxd4 Ne7 14. Bxg7 Rg8
15. Bf6 Rxb2 16. Rb1 Rxb1 17. Qxb1 Rg6 18. Bxe7 Qxe7 19. Ne4 Bxf4 20. Rf1 e5 21.
Qb8+ Qd8 22. Qxd8+ Kxd8 23. g5 Bxg5 24. Nxg5 Rxg5 25. Rxf7 Rg3 26. Rxh7 Rg1+ 27.
Kd2 Rg2+ 28. Kc3 Rh2 29. Kc4 Ke8 30. Kd5 Rxc2 31. Kxe5 Rxa2 32. Kf6 Rf2+ 33. Kg7
Rf7+ 34. Kg6 Rxh7 35. Kxh7 a5 36. Kg6 a4 37. h4 a3 38. h5 a2 39. h6 a1=Q 40. h7
Qg1+ 41. Kf6 Qh2 42. Kg6 Qg3+ 43. Kf6 Qh4+ 44. Kg7 Qg5+ 45. Kh8 Kf7 46. d4 Qg7#
0-1